Statistics for AC Milan 2020/21 squad

Click here to take the quiz!

General Stats

  • This quiz has been taken 22 times
  • The average score is 18 of 27

Answer Stats

PositionAnswer% Correct
PORAntonio Donnarumma
100%
PORGianluigi Donnarumma
100%
STRafael Leao
100%
STZlatan Ibrahimovic
100%
LWAnte Rebic
85%
CMFranck Kessié
85%
CDMSandro Tonali
85%
LBTheo Hernández
85%
CBAlessio Romagnoli
77%
RWAlexis Saelemaekers
77%
CDMIsmael Bennacer
77%
RBDavide Calabria
69%
CAMHakan Calhanoglu
69%
RBPierre Kalulu
69%
CBSimon Kjaer
69%
RBAndrea Conti
62%
RWSamu Castillejo
62%
CMRade Krunic
54%
CAMBrahim Díaz
46%
PORCiprian Tatarusan
46%
LWJens Petter Hauge
46%
CBMateo Musacchio
46%
CAMDaniel Maldini
38%
RBDiogo Dalot
38%
STLorenzo Colombo
38%
CBMatteo Gabbia
38%
CBLeo Duarte
23%

Score Distribution

Percentile by Number Answered

Percent of People with Each Score

Your Score History

You have not taken this quiz